Szczegóły MARC21

Kunsttheoretische und kunsthistorische Schriften /

003 -Nazwa inst., której nr kontr. jest w polu 001 [,]
    • @
    • Nazwa instytucji, której n kontrolny jest w polu 001
    • NUKAT
005 -DATA I CZAS OSTATNIEJ MODYFIKACJI [,]
    • @
    • pole kontrolne
    • 20260409103836.0
020 -Międzynarod. znormalizowany nr książki - ISBN [ , ]
    • a
    • Numer ISBN
    • 3446107967 Find
    • q
    • Dopowiedzenie
    • LN
020 -Międzynarod. znormalizowany nr książki - ISBN [ , ]
    • a
    • Numer ISBN
    • 3446107975 Find
    • q
    • Dopowiedzenie
    • LD
040 -Instytucja sporządzająca opis [ , ]
    • a
    • Instytucja, która sporządziła opis (NP)
    • OLSZT 003/bak
    • c
    • Instytucja, która sporządziła rekord (NP)
    • OLSZT 003/bak
942 -Rodzaj dokumentu [ , ]
    • c
    • Rodzaj dokumentu
    • Książka
100 -Hasło główne - nazwa osobowa [1, ]
    • a
    • Nazwa osobowa (NP)
    • Lessing, Gotthold Ephraim
    • d
    • Daty biograficzne (NP)
    • (1729-1781).
    • 9
    • KHW
    • 19639
245 -Strefa tytułu i oznaczenia odpowiedzialności [1,0]
    • a
    • Tytuł
    • Kunsttheoretische und kunsthistorische Schriften / Find
    • c
    • Pozostałe elementy strefy tytułu i oznaczenia odpowiedzialności (NP)
    • Gotthold Ephraim Lessing ; [in Zsarb. mit Karl Eibl et al. ; hrsg. von Herbert G. Göpfert ; Bearb. dieses Bandes Albert von Schirnding].
260 -Strefa adresu wydawniczego [ , ]
    • a
    • Miejsce wydania (P)
    • München :
    • b
    • Nazwa wydawcy (P)
    • Carl Hanser Verlag,
    • c
    • Data wydania (P)
    • cop. 1974.
300 -Strefa opisu fizycznego [ , ]
    • a
    • Określenie formy książki i/lub objętość (NP)
    • 1102 s. ;
    • c
    • Format (NP)
    • 19 cm.
336 -Typ zawartości [ , ]
    • a
    • Termin opisujący typ zawartości
    • Tekst
    • b
    • Kod określający zawartość
    • txt
    • 2
    • Źródło (terminu i kodu)
    • rdacontent
337 -Typ mediów [ , ]
    • a
    • Tryb odtwarzania
    • Bez urządzenia pośredniczącego
    • b
    • Kod typu mediów
    • n
    • 2
    • Źródło (terminu i kodu)
    • rdamedia
338 -Typ/rodzaj nośnika [ , ]
    • a
    • Hasło opisujące typ nośnika
    • Wolumin
    • b
    • Kod typu nośnika
    • nc
    • 2
    • Źródło (terminu i kodu)
    • rdacarrier
490 -Strefa serii i książki wielotomowej - forma nie do wyszukiwania [1, ]
    • a
    • Tytuł (P)
    • Werke / Gotthold Ephraim Lessing ; Find
    • v
    • Numeracja (P)
    • Bd. 6
080 -Uniwersalna Klasyfikacja Dziesiętna [ , ]
    • a
    • Symbol klasyfikacji
    • 830-1/-9=30
980 -Symbol UKD [ , ]
    • a
    • UKD
    • 830-1/-9=30
700 -Hasło dodatkowe - nazwa osobowa [1, ]
    • a
    • Nazwa osobowa (NP)
    • Eibl, Karl Find
    • d
    • Daty biograficzne (NP)
    • (1940-2014).
    • e
    • Określenie rodzaju współpracy
    • Oprac.
    • 9
    • KHW
    • 485793
700 -Hasło dodatkowe - nazwa osobowa [1, ]
    • a
    • Nazwa osobowa (NP)
    • Göpfert, Herbert G. Find
    • e
    • Określenie rodzaju współpracy
    • Wyd.
    • 9
    • KHW
    • 460769
700 -Hasło dodatkowe - nazwa osobowa [1, ]
    • a
    • Nazwa osobowa (NP)
    • Schirnding, Albert von Find
    • d
    • Daty biograficzne (NP)
    • (1935- ).
    • e
    • Określenie rodzaju współpracy
    • Oprac.
    • 9
    • KHW
    • 597466
800 -Hasło dodatkowe opisu książki wielotomowej - nazwa osobowa [1, ]
    • a
    • Nazwa osobowa (NP)
    • Lessing, Gotthold Ephraim
    • d
    • Daty biograficzne (NP)
    • (1729-1781).
    • t
    • Tytuł ujednolicony/tytuł (NP)
    • Werke
    • v
    • Oznaczenie tomu (NP)
    • Bd. 6
    • 9
    • KHW
    • 597465
920 -ISBN [ , ]
    • a
    • ISBN
    • 3-446-10796-7 Find
    • q
    • Dopowiedzenie
    • LN
920 -ISBN [ , ]
    • a
    • ISBN
    • 3-446-10797-5 Find
    • q
    • Dopowiedzenie
    • LD
Sygnatura Status udost. Numer inwentarzowy Lokalizacja Data inwentaryzacji
Germ. Literatura niemiecka-3G.18047BM2006-03-08